Jedzenie po włosku - Statystyki

Ogólne statystyki
  • Ten quiz został rozwiązany 1 788 razy
  • Średni wynik to 14 z 21
Statystyki odpowiedzi
Włoski Polski % Poprawnych
Vino Wino
97%
Pomodoro Pomidor
96%
Rucola Rukola
94%
Formaggio Ser
85%
Frutti di Mare Owoce morza
84%
Prosciutto Szynka
84%
Gelato Lody
80%
Insalata Sałata
79%
Latte Mleko
76%
Biscotto Ciastko
73%
Panino Bułka | Kanapka
70%
Fungo Grzyb
67%
Pane Chleb
66%
Pollo Kurczak
62%
Pesce Ryba
61%
Carne Mięso
59%
Sale Sól
48%
Antipasto Przystawka
44%
Panna Bita śmietana | Krem
43%
Salsiccia Kiełbasa
37%
Bistecca Stek
31%
Nie znaleziono quizów pasujących do podanych kryteriów
Rozkład punktacji
Procent ludzi z każdym wynikiem
Percentyl według liczby udzielonych odpowiedzi
Twoja historia wyników
Nie rozwiązałeś tego quizu